| 000 | 00388cam a2200157ua 4500 | ||
|---|---|---|---|
| 041 |
_aeng _h |
||
| 082 |
_a823.301 _bDOW/JO |
||
| 100 | _aDouler, Pauline . | ||
| 245 |
_aJoshua: Old testmant stories / _cPauline Douler. _hTextual Documents |
||
| 250 |
_a1 / _b. |
||
| 260 |
_aLondon : _bOxford University Press. |
||
| 300 | _a16 ; . | ||
| 504 | _a | ||
| 942 | _cBK | ||
| 999 |
_c2439 _d2439 |
||